Medicaid : compliance with eligibility requirements : hearing before the Subcommittee on Health Care of the Committee on Finance, United States Senate, One Hundred Sixteenth Congress, first session, October 30, 2019.

Bibliographic Details
Corporate Author: United States. Congress. Senate. Committee on Finance. Subcommittee on Health Care (Author)
Format: Government Document eBook
Language:English
Published: Washington : U.S. Government Publishing Office, 2021.
Series:S. hrg. ; 116-460
Subjects:
Online Access:https://purl.fdlp.gov/GPO/gpo158330

MARC

Tag First Indicator Second Indicator Subfields
LEADER 00000cam a2200000 i 4500
001 in00004450321
005 20211120112529.0
006 m o d f
007 cr |||||||||||
008 210730s2021 dcua ob f000 0 eng c
024 8 |a 44-826  |q (GPO jacket number) 
035 |a (OCoLC)on1262336239 
042 |a pcc 
043 |a n-us--- 
040 |a GPO  |b eng  |e rda  |e pn  |c GPO  |d MvI 
049 |a WWW 
050 4 |a KF26  |b .F55382 2019 
074 |a 1038-C (online) 
086 0 |a Y 4.F 49:S.HRG.116-460 
110 1 |a United States.  |b Congress.  |b Senate.  |b Committee on Finance.  |b Subcommittee on Health Care,  |e author. 
245 1 0 |a Medicaid :  |b compliance with eligibility requirements : hearing before the Subcommittee on Health Care of the Committee on Finance, United States Senate, One Hundred Sixteenth Congress, first session, October 30, 2019. 
264 1 |a Washington :  |b U.S. Government Publishing Office,  |c 2021. 
300 |a 1 online resource (iii, 135 pages) :  |b illustrations. 
336 |a text  |b txt  |2 rdacontent 
337 |a computer  |b c  |2 rdamedia 
338 |a online resource  |b cr  |2 rdacarrier 
490 1 |a S. hrg. ;  |v 116-460 
504 |a Includes bibliographical references. 
511 0 |a Hearing witnesses: Ritchie, Brian P., Assistant Inspector General for Audit Services, Office of Inspector General, Department of Health and Human Services, Washington, DC; Yocom, Carolyn L., Director, Health Care, Government Accountability Office, Washington, DC; Purpera, Daryl G., CPA, CFE, Legislative Auditor, State of Louisiana, Baton Rouge, LA; Solomon, Judith, senior fellow, Center on Budget and Policy Priorities, Washington, DC. 
518 |a Date of hearing: 2019-10-30. 
588 |a Description based on online resource; title from PDF title page (govinfo, viewed July 8, 2021). 
650 0 |a Health insurance  |z United States. 
650 0 |a Medical care. 
650 0 |a Medicaid. 
655 7 |a Legislative hearings.  |2 lcgft 
810 1 |a United States.  |b Congress.  |b Senate.  |t S. hrg. ;  |v 116-460. 
856 4 0 |u https://purl.fdlp.gov/GPO/gpo158330  |t 0 
999 f f |s 23c8fc4e-f4e2-3de1-b7ea-80235a305b62  |i 75cdb89a-829a-37df-a0e9-52d91ef7fb0d  |t 0 
952 f f |a Texas A&M University  |b College Station  |c Electronic Resources  |d Available Online  |t 0  |e Y 4.F 49:S.HRG.116-460  |h Superintendent of Documents classification 
998 f f |a Y 4.F 49:S.HRG.116-460  |t 0  |l Available Online